书目信息 |
| 题名: |
公共选择理论
|
|
| 作者: | 许云霄 著 | |
| 分册: | ||
| 出版信息: | 北京 北京大学出版社 2006 |
|
| 页数: | 344页 | |
| 开本: | 24cm | |
| 丛书名: | ||
| 单 册: | ||
| 中图分类: | F062.6 | |
| 科图分类: | ||
| 主题词: | 公共选择(经济学)--教材 , 公共选择(经济学) | |
| 电子资源: | ||
| ISBN: | 7-301-09781-6 | |
| 000 | 00875nam0 2200265 450 | |
| 001 | 012007667195 | |
| 005 | 20070517113656.84 | |
| 010 | @a7-301-09781-6@dCNY35.00 | |
| 100 | @a20070508d2006 km y0chiy0120 ea | |
| 101 | 0 | @achi |
| 102 | @aCN@b110000 | |
| 105 | @aa z 000yy | |
| 106 | @ar | |
| 200 | 1 | @a公共选择理论@Agong gong xuan ze li lun@f许云霄著@Fxu yun xiao zhu |
| 210 | @a北京@c北京大学出版社@d2006 | |
| 215 | @a344页@c图@d24cm | |
| 300 | @a北京大学经济学教材系列 | |
| 330 | @a本书探讨了政府与市场的关系,着重分析了政府与市场的渊源、政治市场的产品、选民理论、政党理论及政治市场的运行与均衡等内容,并对公共选择的前沿理论进行了论述。 | |
| 510 | 1 | @aPublic choice@zeng |
| 606 | 0 | @a公共选择(经济学)@j教材 |
| 606 | 0 | @a公共选择(经济学) |
| 690 | @aF062.6@v4 | |
| 701 | 0 | @a许云霄@Axu yun xiao@4著 |
| 801 | 0 | @aCN@bRULIN@c20070517 |
| 905 | @dF062.6@e63@s8 | |
| 公共选择理论/许云霄著.-北京:北京大学出版社,2006 |
| 344页:图;24cm |
| 北京大学经济学教材系列 |
| ISBN 7-301-09781-6:CNY35.00 |
| 本书探讨了政府与市场的关系,着重分析了政府与市场的渊源、政治市场的产品、选民理论、政党理论及政治市场的运行与均衡等内容,并对公共选择的前沿理论进行了论述。 |
| ● |
| 相关链接 |
|
|
|
|
正题名:公共选择理论
索取号:F062.6/63
 
预约/预借
| 序号 | 登录号 | 条形码 | 馆藏地/架位号 | 状态 | 备注 |
| 1 | 0578789 | 205787898 | 第一样本阅览室/ [索取号:F062.6/63] | 在馆 | |
| 2 | 0578790 | 205787905 | 密集书库/ [索取号:F062.6/63] | 在馆 | |
| 3 | 0578791 | 205787914 | 密集书库/ [索取号:F062.6/63] | 在馆 | |
| 4 | 0578792 | 205787923 | 第一借阅区/ [索取号:F062.6/63] | 在馆 | |
| 5 | 0578793 | 205787932 | 第一借阅区/ [索取号:F062.6/63] | 在馆 | |
| 6 | 0578794 | 205787941 | 第一借阅区/ [索取号:F062.6/63] | 在馆 | |
| 7 | 0578795 | 205787950 | 第一借阅区/ [索取号:F062.6/63] | 在馆 | |
| 8 | 0578796 | 205787969 | 密集书库/ [索取号:F062.6/63] | 在馆 |